| 000 | 01860nam a2200265 i 4500 | ||
|---|---|---|---|
| 001 | 000030307 | ||
| 003 | DO-SdBNP | ||
| 005 | 20240430150513.0 | ||
| 006 | a||||gr|||| 00| 0 | ||
| 007 | ta | ||
| 008 | 110509e1965 dr ac 000 0 spa d | ||
| 040 |
_aDO-SdBNP _bspa _cBNPHU _erda |
||
| 049 | _aBNPD | ||
| 082 | 4 |
_bE82r _222 |
|
| 100 | 1 |
_aEstrella, Julio C. _d1926- _96441 _eautor |
|
| 245 | 1 | 3 |
_aLa revolución dominicana y la crisis de la OEA / _cJulio C. Estrella. |
| 264 | 1 |
_aSanto Domingo : _bRevista Ahora, _c1965. |
|
| 300 |
_a67 páginas ; _c23 cm. |
||
| 336 |
_2rdacontent _atexto _btxt |
||
| 337 |
_2rdamedia _asinmediación _bn |
||
| 338 |
_2rdacarrier _avolumen _bnc |
||
| 505 |
_aPrimera Parte. _tIntroducción.-- La Revolución.-- El Gobierno de Molina Ureña.-- El Gobierno de Caamaño Deñó.-- La Junta Militar de "San Isidro.-- El Gobierno de Imbert Barreras.-- El Grupo de Santiago.-- La Fórmula Guazmán.-- El Orden Público. _g Segunda Parte. _tEl desembarco de los Norteamericanos.-- Los Organismos.-- Internacionales.-- Las Reuniones de la OEA.-- El Consejo de Seguridad.-- Los Observadores de la O.N.U.-- Conflicto de Jurisdicción. _gTercera Parte _tLa Reunión de Cancilleres.-- La Posición de los Gobiernos.-- Creación de la Fuerza Interamericana se Objeta a.-- Bonilla Atiles.-- La Posición del "Gobierno Constitucional". _gCuarta Parte. _tLa Comisión Ad Hoc.-- La Crisis del 15 de Junio.-- Revaluación de la Situación Dominicana.-- Fideicomiso de Hecho.-- Violación de los Derechos Humanos.-- Las Conclusiones de los Criminólogos.-- Las Gestiones de la Comisión Ad Hoc.-- El Gobierno Provisional. _gQuinta Parte. _tEl Principio de la No Intervención.-- Tres Alternativas.-- Ofensiva Jurisprudencial.-- El Menor de dos Males.-- Nuevos Rumbos.-- Doctrinales. _tConclusión |
||
| 590 | _aInventariado 2024 / MF | ||
| 942 |
_2ddc _cLBS1 |
||
| 999 |
_c29799 _d29799 |
||